| 000 | 00567nam a2200181 a 4500 | ||
|---|---|---|---|
| 005 | 20210223120650.0 | ||
| 008 | 991125s1953 mx 000 0 spa u | ||
| 035 | _aUPN01000005038 | ||
| 049 | _aCG | ||
| 050 | 4 |
_aB1618 C74 _bA8.38 |
|
| 100 | 1 |
_aCollingwood, Robin George, _d1889-1943 _99672 |
|
| 245 | 1 | 0 |
_aAutobiografía de R. C. Collingwood / _cR. C. Collingwood ; tr. Jorge Hernández Campos. |
| 260 |
_aMéxico : _bFCE, _c1953. |
||
| 300 | _a163 p. | ||
| 600 | 1 | 4 |
_aCOLLINGWOOD, ROBIN GEORGE, _d1889-1943 _99672 |
| 650 | 4 |
_aFILOSOFIA INGLESA _917736 |
|
| 905 | _aLibro | ||
| 999 |
_c5038 _d5038 |
||